000 00263nam a22001217a 4500
008 181022b xxu||||| |||| 00| 0 eng d
041 _aeng
080 _a910
100 _a42
101 _aGEO
245 _aFundamentals Of Geology
_cCarla.W M
942 _2udc
_cBK
999 _c50389
_d50389